[Event "Saraybahce GP"]
[Site "Kocaeli"]
[Date "2002.08.20"]
[Round "4"]
[White "Chatalbashev, Boris"]
[Black "Jobava, Beglar"]
[Result "0-1"]
[WhiteElo "2530"]
[BlackElo "2264"]
[PlyCount "84"]
[EventDate "2002.08.17"]
[EventType "swiss"]
[EventRounds "9"]
[EventCountry "TUR"]
[SourceTitle "CBM 089 Extra"]
[Source "ChessBase"]
[SourceDate "2002.09.10"]
[SourceVersion "2"]
[SourceVersionDate "2002.09.10"]
[SourceQuality "1"]

1. d4 Nf6 2. c4 e6 3. Nf3 b6 4. e3 Bb7 5. Nc3 Bb4 6. Bd3 Ne4 7. 0-0 Bxc3 8. bxc3 f5 9. Ne1 d6 10. f3 Nf6 11. e4 fxe4 12. fxe4 Nbd7 13. c5 bxc5 14. Bg5 Qe7 15. Rb1 Bc6 16. Qe2 e5 17. Nc2 exd4 18. cxd4 0-0 19. d5 Ba4 20. Ne3 Ne5 21. Nf5 Qd8 22. Bb5 Bxb5 23. Qxb5 Qd7 24. Qe2 Nxd5 25. Rb3 Nb4 26. Rg3 Kh8 27. Qh5 Rf7 28. Qh4 Qe6 29. a3 Nc2 30. Rb1 Nd4 31. Nxd4 cxd4 32. Rgb3 Raf8 33. h3 d3 34. Rb8 Ng6 35. Qe1 h6 36. Bd2 Ne5 37. Qg3 Qc4 38. Qh4 Kh7 39. R8b4 Qc5+ 40. Kh2 Rf2 41. Rb5 Nf3+ 42. Kg3 Rxg2+ 0-1

[Event "GEO-ch I Liga"]
[Site "Tbilisi"]
[Date "2002.05.03"]
[Round "9"]
[White "Jobava, Beglar"]
[Black "Khizanashvili, Vakhtang"]
[Result "1-0"]
[WhiteElo "2256"]
[BlackElo "2081"]
[PlyCount "81"]
[EventDate "2002.05.??"]
[EventType "swiss"]
[EventRounds "9"]
[EventCountry "GEO"]
[SourceTitle "EXT 2004"]
[Source "ChessBase"]
[SourceDate "2003.11.25"]
[SourceVersion "1"]
[SourceVersionDate "2003.11.25"]
[SourceQuality "1"]

1. d4 Nf6 2. c4 c5 3. d5 b5 4. cxb5 a6 5. e3 axb5 6. Bxb5 Ba6 7. Bxa6 Qa5+ 8. Nc3 Qxa6 9. Nf3 d6 10. Qe2 Qb7 11. e4 Nbd7 12. 0-0 g6 13. e5 Nxd5 14. e6 fxe6 15. Qxe6 Nxc3 16. bxc3 Nf6 17. Re1 Bg7 18. Bf4 Qd7 19. Qxd6 Qxd6 20. Bxd6 Nd5 21. Rad1 0-0-0 22. Bxc5 Bxc3 23. Rf1 Kb7 24. Bd4 Bxd4 25. Rxd4 Nc3 26. Rb4+ Ka6 27. Re1 Rd6 28. h4 Nd5 29. Rb3 Rc8 30. Ng5 h5 31. Re4 Rc5 32. Ra4+ Ra5 33. Rxa5+ Kxa5 34. g3 Ka4 35. Rb7 Ra6 36. Rd7 Ra5 37. Ne6 Ka3 38. Nf8 Kxa2 39. Nxg6 e6 40. Nf8 Nf6 41. Rf7 1-0

[Event "GEO-ch I Liga"]
[Site "Tbilisi"]
[Date "2002.05.02"]
[Round "8"]
[White "Paresishvili, Giorgi"]
[Black "Jobava, Beglar"]
[Result "1-0"]
[WhiteElo "2326"]
[BlackElo "2256"]
[PlyCount "104"]
[EventDate "2002.05.??"]
[EventType "swiss"]
[EventRounds "9"]
[EventCountry "GEO"]
[SourceTitle "EXT 2004"]
[Source "ChessBase"]
[SourceDate "2003.11.25"]
[SourceVersion "1"]
[SourceVersionDate "2003.11.25"]
[SourceQuality "1"]

1. e4 c5 2. Nf3 d6 3. d4 cxd4 4. Nxd4 Nf6 5. Nc3 a6 6. Be3 e5 7. Nb3 Be6 8. Be2 Be7 9. Nd5 Nxd5 10. exd5 Bf5 11. Qd2 Nd7 12. Na5 Qc7 13. c4 0-0 14. 0-0 Bg6 15. b4 f5 16. f4 Bf6 17. Rac1 exf4 18. Bxf4 Be5 19. c5 Rae8 20. c6 Bxf4 21. Rxf4 bxc6 22. dxc6 Nf6 23. Bf3 Kh8 24. Rd4 Ne4 25. Bxe4 fxe4 26. Qe3 Rf6 27. Rd2 Ref8 28. a4 Rb8 29. Rd4 h6 30. Nb7 Rc8 31. Rdd1 Bh5 32. Re1 d5 33. b5 axb5 34. axb5 Qe5 35. Nc5 Rg6 36. Rc2 Bg4 37. Nb3 Qc7 38. b6 Qb8 39. Rec1 Bf3 40. Na5 h5 41. c7 Qxb6 42. Qxb6 Rxb6 43. gxf3 e3 44. Kf1 d4 45. Ke2 Ra6 46. Rc5 Rd6 47. Kd3 Kh7 48. Rc6 Rd7 49. Nb7 h4 50. Nd6 Rcxc7 51. Rxc7 Rxd6 52. R7c6 Rf6 1-0

[Event "GEO-ch I Liga"]
[Site "Tbilisi"]
[Date "2002.04.27"]
[Round "3"]
[White "Jobava, Beglar"]
[Black "Sulashvili, Malkhaz"]
[Result "1-0"]
[WhiteElo "2256"]
[BlackElo "2259"]
[PlyCount "81"]
[EventDate "2002.05.??"]
[EventType "swiss"]
[EventRounds "9"]
[EventCountry "GEO"]
[SourceTitle "EXT 2004"]
[Source "ChessBase"]
[SourceDate "2003.11.25"]
[SourceVersion "1"]
[SourceVersionDate "2003.11.25"]
[SourceQuality "1"]

1. d4 d5 2. c4 c6 3. Nf3 e6 4. Nc3 dxc4 5. a4 Bb4 6. e3 b5 7. Bd2 a5 8. axb5 Bxc3 9. Bxc3 cxb5 10. b3 Bb7 11. bxc4 b4 12. Bd2 Nf6 13. Bd3 Ne4 14. 0-0 Nxd2 15. Nxd2 0-0 16. Be4 Bxe4 17. Nxe4 Qc7 18. Qb3 Qc6 19. f3 Nd7 20. c5 Nf6 21. Qa4 Qxa4 22. Nxf6+ gxf6 23. Rxa4 Rfb8 24. Kf2 Ra7 25. Ke2 Kf8 26. Kd3 Ke7 27. Rfa1 Rba8 28. g4 Kd7 29. Kc4 Kc6 30. e4 Kc7 31. f4 Kc6 32. h4 h6 33. g5 hxg5 34. fxg5 fxg5 35. hxg5 Rg8 36. d5+ Kb7 37. Rxa5 Rxa5 38. Rxa5 Rxg5 39. c6+ Kb8 40. Kc5 Re5 41. Kb6 1-0

[Event "GEO-ch I Liga"]
[Site "Tbilisi"]
[Date "2002.04.26"]
[Round "2"]
[White "Shamugia, Shavlegi"]
[Black "Jobava, Beglar"]
[Result "1-0"]
[WhiteElo "2310"]
[BlackElo "2256"]
[PlyCount "137"]
[EventDate "2002.05.??"]
[EventType "swiss"]
[EventRounds "9"]
[EventCountry "GEO"]
[SourceTitle "EXT 2004"]
[Source "ChessBase"]
[SourceDate "2003.11.25"]
[SourceVersion "1"]
[SourceVersionDate "2003.11.25"]
[SourceQuality "1"]

1. e4 c6 2. d4 d5 3. Nc3 dxe4 4. Nxe4 Bf5 5. Ng3 Bg6 6. h4 h6 7. Nf3 e6 8. Ne5 Bh7 9. Bd3 Bxd3 10. Qxd3 Nf6 11. Bf4 Bb4+ 12. c3 Bd6 13. 0-0-0 Nbd7 14. Kb1 Qc7 15. Ne4 Nxe4 16. Qxe4 Nf6 17. Qe2 0-0-0 18. c4 Qe7 19. Qf3 Bc7 20. Nxc6 bxc6 21. Qxc6 Rde8 22. Rh3 Kd8 23. Qa8+ Kd7 24. Qxa7 Rc8 25. Rb3 Kd8 26. Rb7 Re8 27. Bd2 Qd6 28. f3 Qc6 29. Rc1 Re7 30. Ba5 Bxa5 31. Rxe7 Bb6 32. Qb7 Qxb7 33. Rxb7 Bxd4 34. Rxf7 Nd7 35. Rc2 Bf6 36. Rd2 Rc7 37. Rf8+ Ke7 38. Ra8 Rxc4 39. Ra7 Bd4 40. Rb7 e5 41. f4 e4 42. b3 e3 43. Rd1 e2 44. Re1 Rc5 45. Rxe2+ Kd6 46. Rd2 Rd5 47. Rb4 Bc5 48. Rxd5+ Kxd5 49. Rc4 Nf6 50. Kc2 Ng4 51. Kd2 Bb6 52. Ke2 Bc5 53. a4 Nf6 54. Kf3 Ne8 55. h5 Nd6 56. Rc3 Nf5 57. Rd3+ Kc6 58. g4 Nd4+ 59. Ke4 Ne2 60. Kf5 Bd6 61. Rd2 Ng3+ 62. Kg6 Bxf4 63. Rc2+ Kd6 64. b4 Be5 65. a5 Nf1 66. b5 Ne3 67. a6 Nxc2 68. a7 Na3 69. b6 1-0

[Event "GEO-ch U20"]
[Site "Tbilisi"]
[Date "2002.03.27"]
[Round "9"]
[White "Gaprindashvili, Valeriane"]
[Black "Jobava, Beglar"]
[Result "1/2-1/2"]
[WhiteElo "2472"]
[BlackElo "2256"]
[PlyCount "65"]
[EventDate "2002.03.??"]
[EventType "swiss"]
[EventRounds "9"]
[EventCountry "GEO"]
[SourceTitle "EXT 2004"]
[Source "ChessBase"]
[SourceDate "2003.11.25"]
[SourceVersion "1"]
[SourceVersionDate "2003.11.25"]
[SourceQuality "1"]

1. d4 Nf6 2. c4 g6 3. g3 Bg7 4. Bg2 0-0 5. Nc3 d6 6. Nf3 Nbd7 7. 0-0 e5 8. h3 a6 9. dxe5 dxe5 10. Be3 c6 11. Qb3 Qe7 12. Rfd1 Ne8 13. Na4 Nc7 14. Nb6 Nxb6 15. Qxb6 Ne6 16. Qa5 e4 17. Nd4 Rd8 18. Qb6 f5 19. Rd2 Nxd4 20. Bxd4 Rxd4 21. Rxd4 Bxd4 22. Qxd4 Be6 23. Rd1 Qc7 24. b3 Kf7 25. h4 Re8 26. e3 h5 27. Bf1 Re7 28. Qh8 Rd7 29. c5 Bd5 30. Rd4 Qd8 31. Qh7+ Kf6 32. Qh6 Qe7 33. Qh8+ 1/2-1/2

[Event "GEO-ch U20"]
[Site "Tbilisi"]
[Date "2001.03.??"]
[Round "5"]
[White "Jobava, Beglar"]
[Black "Shanava, Konstantine"]
[Result "1-0"]
[WhiteElo "2255"]
[BlackElo "2256"]
[PlyCount "101"]
[EventDate "2001.??.??"]
[EventType "swiss"]
[EventRounds "9"]
[EventCountry "GEO"]
[SourceTitle "EXT 2004"]
[Source "ChessBase"]
[SourceDate "2003.11.25"]
[SourceVersion "1"]
[SourceVersionDate "2003.11.25"]
[SourceQuality "1"]

1. d4 d5 2. c4 c6 3. Nf3 Nf6 4. Nc3 dxc4 5. a4 Bf5 6. e3 e6 7. Bxc4 Bb4 8. 0-0 Nbd7 9. Qe2 Bg4 10. h3 Bh5 11. Rd1 0-0 12. e4 a5 13. g4 Bg6 14. Ne5 Bxc3 15. Nxg6 hxg6 16. bxc3 Re8 17. Rb1 Qc7 18. Qf3 Rab8 19. h4 c5 20. Bb5 e5 21. g5 Nh7 22. Qg3 Nhf8 23. dxe5 Red8 24. Rd5 Ne6 25. Be3 Nb6 26. Rd6 Nc8 27. Rxd8+ Qxd8 28. f4 Ne7 29. Qf3 Qc8 30. Kg2 b6 31. h5 Qb7 32. hxg6 Nxg6 33. Rh1 Rd8 34. Kf2 Kf8 35. f5 Nxe5 36. f6 Ng6 37. Qh5 Ne7 38. fxe7+ Kxe7 39. Qf3 Qc7 40. Bc4 Qe5 41. Bc1 Rf8 42. Ke1 f5 43. gxf6+ Rxf6 44. Qd3 Nc7 45. Rg1 Rd6 46. Qe3 Kd7 47. Rg5 Qh2 48. Rxg7+ Kc8 49. Qf3 Qh4+ 50. Ke2 Rf6 51. Qg4+ 1-0

[Event "GEO-ch U20"]
[Site "Tbilisi"]
[Date "2001.03.??"]
[Round "2"]
[White "Kasrashvili, Alexandre"]
[Black "Jobava, Beglar"]
[Result "1/2-1/2"]
[WhiteElo "2142"]
[BlackElo "2255"]
[PlyCount "59"]
[EventDate "2001.??.??"]
[EventType "swiss"]
[EventRounds "9"]
[EventCountry "GEO"]
[SourceTitle "EXT 2004"]
[Source "ChessBase"]
[SourceDate "2003.11.25"]
[SourceVersion "1"]
[SourceVersionDate "2003.11.25"]
[SourceQuality "1"]

1. e4 c5 2. Nf3 d6 3. g3 g6 4. d4 Bg7 5. Nc3 cxd4 6. Nxd4 Nc6 7. Nb3 Nf6 8. Bg2 Bg4 9. f3 Be6 10. Nd5 a5 11. a4 Nb4 12. Nxf6+ Bxf6 13. c3 Nc6 14. f4 Qb6 15. Nd2 0-0 16. Qe2 Bg7 17. Nf1 f5 18. Ne3 fxe4 19. Bxe4 Bf7 20. Nd5 Qd8 21. Be3 e6 22. Nb6 Rb8 23. Rd1 d5 24. Bg2 Qc7 25. Qb5 Rfd8 26. Bc5 Be8 27. Qe2 Bf7 28. Qb5 Be8 29. Qe2 Bf7 30. Qb5 1/2-1/2